00944nam a2200253 i 4500001000700000003000900007005001700016007000300033008004100036080002300077080002300100100002800123245009200151260003900243300002200282490001800304500002900322600004500351651006200396830002600458852006500484999001900549952012200568105656ES-MaACL20230906183937.0t|060802s1938 ag ||||1| spa d a929 Isabel (460) I a94(460)"1474/1516"1 aWittlin, A. St.911719110aIsabel la Católica b: fundadora del poderío mundial de España /cA. St. Wittlin. aBuenos Aires : bClaridad, c1938. a354 p. ; c20 cm.1 aObras famosas aBiblioteca Juan Andrade.04aIsabel bI, cReina de Castilla.9175419 aEspaña-xHistoria-y1474-1516, Reyes Católicos.982220 aObras famosas9232759 aES-MaACLjAND-472 bR.109775 q. - Ejemplar falto de portada c105656d105656 00104070aATENEOMbATENEOMcDEPO2d2008-01-17eSCl0oAND-472p1110308r2023-02-23 00:00:00w2023-02-23yMONOGRAFIA